<?xml version="1.0" encoding="UTF-8"?><?xml-stylesheet type="text/xsl" href="static/style.xsl"?><OAI-PMH xmlns="http://www.openarchives.org/OAI/2.0/" xmlns:xsi="http://www.w3.org/2001/XMLSchema-instance" xsi:schemaLocation="http://www.openarchives.org/OAI/2.0/ http://www.openarchives.org/OAI/2.0/OAI-PMH.xsd"><responseDate>2026-04-17T03:49:14Z</responseDate><request verb="GetRecord" identifier="oai:www.recercat.cat:10230/70610" metadataPrefix="marc">https://recercat.cat/oai/request</request><GetRecord><record><header><identifier>oai:recercat.cat:10230/70610</identifier><datestamp>2025-07-10T08:30:29Z</datestamp><setSpec>com_2072_6</setSpec><setSpec>col_2072_452952</setSpec></header><metadata><record xmlns="http://www.loc.gov/MARC21/slim" xmlns:dcterms="http://purl.org/dc/terms/" xmlns:xsi="http://www.w3.org/2001/XMLSchema-instance" xmlns:doc="http://www.lyncode.com/xoai" xsi:schemaLocation="http://www.loc.gov/MARC21/slim http://www.loc.gov/standards/marcxml/schema/MARC21slim.xsd">
   <leader>00925njm 22002777a 4500</leader>
   <datafield ind2=" " ind1=" " tag="042">
      <subfield code="a">dc</subfield>
   </datafield>
   <datafield ind2=" " ind1=" " tag="720">
      <subfield code="a">Freixa Font, Pere</subfield>
      <subfield code="e">author</subfield>
   </datafield>
   <datafield ind2=" " ind1=" " tag="720">
      <subfield code="a">Redondo i Arolas, Mar</subfield>
      <subfield code="e">author</subfield>
   </datafield>
   <datafield ind2=" " ind1=" " tag="720">
      <subfield code="a">Codina, Lluís</subfield>
      <subfield code="e">author</subfield>
   </datafield>
   <datafield ind2=" " ind1=" " tag="720">
      <subfield code="a">Lopezosa, Carlos</subfield>
      <subfield code="e">author</subfield>
   </datafield>
   <datafield ind2=" " ind1=" " tag="260">
      <subfield code="c">2025-06-04T10:40:09Z</subfield>
   </datafield>
   <datafield ind2=" " ind1=" " tag="260">
      <subfield code="c">2025-06-04T10:40:09Z</subfield>
   </datafield>
   <datafield ind2=" " ind1=" " tag="260">
      <subfield code="c">2025</subfield>
   </datafield>
   <datafield ind2=" " ind1=" " tag="520">
      <subfield code="a">Purpose. This study explores the prevalence of gender biases, stereotypes, and representational disparities in stock image banks, contrasting traditional photography platforms with AI-generated visual content. The research aims to assess whether AI mitigates or perpetuates existing biases and stereotypes in visual representation.

Methodology. A case study approach was adopted, analyzing 600 images from four platforms: Shutterstock, Getty Images (traditional stock), Lexica (Stable Diffusion), and Adobe Stock (AI-generated). Standardized prompts, such as “Photography of a smiling person in [location],” were used to ensure comparability. A systematic framework evaluated parameters like gender, age, ethnicity, and the presence of stereotypical elements, revealing trends across platforms.

Findings. The findings confirm persistent biases in both traditional and AI-generated platforms. Traditional stock banks overrepresent women, while AI platforms achieve closer gender balance. Ethnic representation remains heavily skewed toward Eurocentric and Caucasian archetypes, with AI showing slight improvements in Afro-American representation. Age portrayals vary, with AI favoring younger demographics and traditional platforms emphasizing adults. Notably, no images depict individuals with disabilities, highli-ghting a significant gap in diversity. Stereotypes related to beauty standards, such as the use of makeup and accessories, and leisure activities dominate, with minimal representation of professional or diverse cultural roles.

Value. This study provides a comprehensive comparative analysis of traditional and AI-driven stock imagery, highlighting both the limitations and potential of AI to address biases. It contributes a systematic framework for evaluating diversity and representation, offering critical insights for fostering inclusivity in visual media.</subfield>
   </datafield>
   <datafield tag="653" ind2=" " ind1=" ">
      <subfield code="a">Image banks</subfield>
   </datafield>
   <datafield tag="653" ind2=" " ind1=" ">
      <subfield code="a">Stock photography</subfield>
   </datafield>
   <datafield tag="653" ind2=" " ind1=" ">
      <subfield code="a">Artificial intelligence</subfield>
   </datafield>
   <datafield tag="653" ind2=" " ind1=" ">
      <subfield code="a">AI</subfield>
   </datafield>
   <datafield tag="653" ind2=" " ind1=" ">
      <subfield code="a">Photojournalism</subfield>
   </datafield>
   <datafield tag="653" ind2=" " ind1=" ">
      <subfield code="a">Stereotypes</subfield>
   </datafield>
   <datafield tag="653" ind2=" " ind1=" ">
      <subfield code="a">Gender bias</subfield>
   </datafield>
   <datafield ind2="0" ind1="0" tag="245">
      <subfield code="a">AI, stock photography, and image banks: gender biases and stereotypes</subfield>
   </datafield>
</record></metadata></record></GetRecord></OAI-PMH>